| 000 | 01414nam2a22003011 4500 | ||
|---|---|---|---|
| 001 | RU\NLR\INFOCOMM15\1000131853 | ||
| 005 | 20250617121518.0 | ||
| 035 | _a(NLR Aleph) 002594760 | ||
| 090 |
_a3391236 _c3391236 |
||
| 100 | _a20040609d1931 |||y0rusy50 ca | ||
| 101 | 0 |
_arus _dger |
|
| 102 | _aRU | ||
| 105 | _aa ||||||||| | ||
| 200 | 1 |
_aСравнительная оценка методов определения изоэлектрической точки желатины _fГ.П. Фаерман |
|
| 210 |
_d1931 _aБ. м. |
||
| 215 |
_a321-334 с. _cил. _d25х18 |
||
| 300 | _aОтд. отт. из Журн. прикл. химии, т. IV, № 2-3 | ||
| 300 | _aБез тит. л. Описано по обложке | ||
| 300 | _aРезюме на нем. яз. | ||
| 461 | 0 |
_1001RU\NLR\INFOCOMM15\1000131780 _12001#$aТруды Государственного оптического института$vТ. 7, Вып. 75 _92382893 _a"Оптический институт им. С. И. Вавилова", всероссийский научный центр (Санкт-Петербург) _cСПб. _d1919 - _tТруды ГОИ _x0371-7100 _vТ. 7, Вып. 75 |
|
| 700 | 1 |
_aФаерман _bГ. П. _f1903- _gГригорий Павлович |
|
| 801 | 1 |
_aRU _bInfoComm _c20040609 |
|
| 801 | 0 |
_aRU _bNLR _gPSBO |
|
| 852 |
_aNLR _jП7/463 |
||
| 942 | _cISSUE | ||
| 980 | _aNB | ||
| 980 | _aRUSPER | ||